[Event "GER-chT U20"]
[Site "Berlin"]
[Date "2005.12.28"]
[Round "3.6"]
[White "Tschlatscher, Thomas"]
[Black "Speitel, Sebastian"]
[Result "1-0"]
[WhiteElo "1742"]
[BlackElo "1677"]
[PlyCount "163"]
[EventDate "2005.12.27"]
[EventType "team-swiss"]
[EventRounds "7"]
[EventCountry "GER"]
[SourceTitle "EXT 2022"]
[Source "ChessBase"]
[SourceDate "2021.10.06"]
[SourceVersion "1"]
[SourceVersionDate "2021.10.06"]
[SourceQuality "1"]
[WhiteTeam "Heilbronn U20"]
[BlackTeam "Heep U20"]
[WhiteTeamCountry "GER"]
[BlackTeamCountry "GER"]

1. e4 e6 2. d4 d5 3. exd5 exd5 4. Nf3 Bd6 5. Bd3 Ne7 6. 0-0 h6 7. h3 0-0 8. c4 c6 9. cxd5 cxd5 10. Re1 Nbc6 11. Nc3 a6 12. Bd2 Bc7 13. a3 Nf5 14. Bxf5 Bxf5 15. Qb3 Ne7 16. Qxb7 Rb8 17. Qxa6 Rxb2 18. Na4 Rb8 19. Nc5 Rb6 20. Qe2 Ng6 21. Ba5 Rc6 22. Bxc7 Rxc7 23. a4 Ra7 24. a5 Qd6 25. Ne5 Rfa8 26. Qh5 Nxe5 27. Qxf5 Nc6 28. Nb3 g6 29. Qc2 Nxa5 30. Nxa5 Rxa5 31. Rxa5 Rxa5 32. Qd2 Ra8 33. Qxh6 Qb4 34. Qe3 Qd6 35. h4 Kg7 36. g3 Ra3 37. Qg5 f6 38. Qg4 f5 39. Qg5 Ra7 40. Re5 Qb4 41. h5 Ra6 42. h6+ Kh7 43. Re7+ Kh8 44. Qe3 Qd6 45. Kg2 Qf6 46. Rd7 Qe6 47. Qe5+ Qxe5 48. dxe5 g5 49. Rxd5 Rxh6 50. Rd6 Rh7 51. e6 Re7 52. Rd5 Rxe6 53. Rxf5 Rg6 54. Kf3 Kg7 55. Kg4 Kh6 56. Rf7 Rd6 57. f3 Kg6 58. Rf8 Rd4+ 59. Kh3 Kg7 60. Rb8 Kg6 61. Rb6+ Kg7 62. Re6 Kf7 63. Re4 Rd5 64. Kg4 Kf6 65. Kh5 Rd3 66. Re8 Rd5 67. g4 Kf7 68. Rh8 Rd3 69. Rh7+ Kf6 70. Rh6+ Kf7 71. Ra6 Rxf3 72. Kxg5 Rf2 73. Ra7+ Kf8 74. Kg6 Rd2 75. Ra8+ Ke7 76. g5 Rd6+ 77. Kh7 Ke6 78. g6 Rd7+ 79. g7 Kf6 80. Kh8 Rxg7 81. Ra6+ Kf7 82. Ra7+ 1-0